000 00437nam a2200181Ia 4500
001 14269
005 20260306164901.0
008 260306t2003||||xx |||||||||||||| ||spa||
041 _aESP
082 _a510.33
_bB73
100 _aBonifaz, José Luis
_eAUT
245 0 _aMatemática para la economía dinámica
260 _c2003
300 _a353 páginas :
_c21 cm.
650 _aGEN
654 _aCMA
942 _cLIB
_dJUS
_fJUS
_2ddc
_n
999 _c14269
_d14269